Vplyv parametrov fuzzy regulácie na kvalitu regulačného procesu
Saved in:
| Main Author: | |
|---|---|
| Other Authors: | |
| Format: | Manuscript Book |
| Language: | Slovak |
| Published: |
2018
|
| Subjects: | |
| Online Access: | http://is.stuba.sk/zp/portal_zp.pl?podrobnosti=140145 |
| Tags: |
No Tags, Be the first to tag this record!
|
MARC
| LEADER | 00000ntm a22000003a 4500 | ||
|---|---|---|---|
| 001 | stuzp67292 | ||
| 003 | SK-STU | ||
| 005 | 20180820154309.5 | ||
| 007 | ta | ||
| 008 | 150427s2015----xo-----f-mn---000-0-slo-d | ||
| 040 | |a STU |b slo | ||
| 041 | 0 | |a slo | |
| 100 | 1 | |a Ondruš, Michal |u 066000 |4 aut |U MTF Materiálovotechnologická fakulta |T MTF Ústav aplikovanej informatiky, automatizácie a mechatroniky |X 52901 |U M6000 |Y 86 |7 52901 | |
| 242 | 0 | 1 | |a Influence of parameters of fuzzy controller to control process quality |y eng |
| 245 | 1 | 0 | |a Vplyv parametrov fuzzy regulácie na kvalitu regulačného procesu |
| 260 | |c 2018 | ||
| 650 | 4 | |a quality of regulation |2 eng | |
| 650 | 4 | |a parameters of fuzzy controller |2 eng | |
| 650 | 4 | |a fuzzy regulation |2 eng | |
| 650 | 4 | |a kvalita regulácie |2 slo | |
| 650 | 4 | |a parametre fuzzy regulátora |2 slo | |
| 650 | 4 | |a fuzzy regulácia |2 slo | |
| 700 | 1 | |a Schreiber, Peter |u 066000 |k Z1 |4 ths |U MTF Materiálovotechnologická fakulta |T MTF Ústav aplikovanej informatiky, automatizácie a mechatroniky |X 247 |U M6000 |Y 86 |7 A000000247 | |
| 856 | 4 | |u http://is.stuba.sk/zp/portal_zp.pl?podrobnosti=140145 | |
| 996 | |c M* DP-13619 |l MMSKP |s P |a 0 |w stuzp67292_0001 | ||